Statystyki dla Flagi z kolorem niebieskim

Kliknij tutaj aby rozwiązać quiz!

Ogólne statystyki

  • Ten quiz został rozwiązany 279 razy
  • Średni wynik to 50 z 101

Statystyki odpowiedzi

HintOdpowiedź% Poprawnych
A (kontynent)Australia
86%
FFrancja
83%
RRosja
83%
S (Z)Stany Zjednoczone
79%
CzCzechy
78%
AArgentyna
75%
FFinlandia
73%
SzSzwecja
72%
UUkraina
72%
W (B)Wielka Brytania
72%
HHolandia
69%
EEstonia
68%
SSłowacja
68%
GGrecja
67%
SSłowenia
67%
ChChorwacja
66%
R (P,A)Republika Południowej Afryki
65%
KKazachstan
63%
LLuksemburg
63%
BBrazylia
62%
D (R,K)Demokratyczna Republika Konga
62%
NNowa Zelandia
62%
UUrugwaj
62%
RRumunia
61%
NNorwegia
60%
AAndora
59%
ChChile
59%
S (M)San Marino
56%
HHonduras
55%
KKolumbia
55%
SSerbia
55%
KKorea Południowa
54%
AArmenia
53%
EEkwador
53%
FFilipiny
53%
KKorea Północna
53%
R (Z,P)Republika Zielonego Przylądka
53%
BBośnia i Hercegowina
52%
CzCzad
52%
KKosowo
52%
PParagwaj
52%
R (Ś,A)Republika Środkowo Afrykańska
52%
KKuba
51%
WWenezuela
51%
UUzbekistan
50%
FFidżi
49%
AAzerbejdżan
48%
DDominikana
48%
Dżibuti
48%
MMołdawia
48%
MMongolia
48%
TTajlandia
48%
LLaos
47%
PPanama
47%
GGwatemala
46%
KKostaryka
46%
HHaiti
45%
MMalezja
45%
SSalwador
45%
SSomalia
45%
W (M)Wyspy Marshalla
45%
PPalau
44%
W (S)Wyspy Salomona
43%
BBarbados
42%
IIndie
41%
KKambodża
41%
NNikaragua
41%
BBahamy
40%
EErytrea
40%
EEtiopia
40%
SSeszele
40%
AAntigua i Barbuda
39%
BBelize
39%
GGambia
39%
HHiszpania
39%
MMikronezja
39%
PPortugalia
39%
TTanzania
39%
BBotswana
38%
GGabon
37%
LLiberia
37%
NNauru
36%
LLesotho
35%
MMeksyk
35%
NNepal
35%
TTajwan
35%
TTuvalu
35%
CzCzarnogóra
34%
KKiribati
34%
NNamibia
34%
S (L)Sierra Leone
33%
S (P)Sudan Południowy
33%
MMauritius
32%
RRwanda
32%
GGwinea Równikowa
31%
KKomory
29%
SSamoa
28%
SSuazi
28%
LLichtenstein
26%
S (L)Sant Lucia
9%
S (V,i,G)Sant Vincent i Grenadyny
9%

Rozkład punktacji

Percentyl według liczby udzielonych odpowiedzi

Procent ludzi z każdym wynikiem

Twoja historia wyników

Nie rozwiązałeś tego quizu